000 00974nam a2200289 i 4500
001 bg
003 BPK
005 20211217095448.0
008 080103s2007 pl a f f |000 0 pol
015 _aPB 12830/2008
020 _a9788373482012
040 _cBPK
041 _apol
080 _a004.436
080 _a(075.8)
100 1 _aBarski, Mariusz
_eAutor
245 1 0 _aUkłady cyfrowe :
_bpodstawy projektowania i opis w języku VHDL /
_cMariusz Barski, Wojciech Jędruch.
260 _aGdańsk :
_bWydawnictwo Politechniki Gdańskiej,
_c2007.
300 _a273, [3] s. :
_bil. ;
_c25 cm.
504 _aBibliogr. s. [274].
650 4 _aVHDL (język programowania)
655 4 _aPodręczniki akademickie
710 2 _aPolitechnika Gdańska.
_bWydawnictwo.
_4pbl.
700 1 _aJędruch, Wojciech
_eAutor
856 _uhttp://koha.tu.koszalin.pl/cgi-bin/koha/opac-detail.pl?biblionumber=55559
_yKatalog online BPK
942 _cKS
_2UKD
999 _c55559
_d55559